<?xml version="1.0" encoding="UTF-8"?>
<record
    xmlns:xsi="http://www.w3.org/2001/XMLSchema-instance"
    xsi:schemaLocation="http://www.loc.gov/MARC21/slim http://www.loc.gov/standards/marcxml/schema/MARC21slim.xsd"
    xmlns="http://www.loc.gov/MARC21/slim">

  <leader>01951ccm a22004214a 4500</leader>
  <datafield tag="999" ind1=" " ind2=" ">
    <subfield code="c">10255</subfield>
    <subfield code="d">10255</subfield>
  </datafield>
  <controlfield tag="001">14258036</controlfield>
  <controlfield tag="003">EG-ScBUE</controlfield>
  <controlfield tag="005">20201128013433.0</controlfield>
  <controlfield tag="008">060208t2007    njua   f b    001 0 eng d</controlfield>
  <datafield tag="020" ind1=" " ind2=" ">
    <subfield code="a">9780470036082</subfield>
  </datafield>
  <datafield tag="035" ind1=" " ind2=" ">
    <subfield code="a">(OCoLC)ocm64085033</subfield>
  </datafield>
  <datafield tag="035" ind1=" " ind2=" ">
    <subfield code="a">(OCoLC)64085033</subfield>
  </datafield>
  <datafield tag="040" ind1=" " ind2=" ">
    <subfield code="a">DLC</subfield>
    <subfield code="b">eng</subfield>
    <subfield code="e">rda</subfield>
    <subfield code="c">DLC</subfield>
    <subfield code="d">BAKER</subfield>
    <subfield code="d">C#P</subfield>
    <subfield code="d">YDXCP</subfield>
    <subfield code="d">BTCTA</subfield>
    <subfield code="d">DLC</subfield>
    <subfield code="d">EG-ScBUE</subfield>
  </datafield>
  <datafield tag="082" ind1="0" ind2="4">
    <subfield code="a">624.171</subfield>
    <subfield code="b">MCC</subfield>
    <subfield code="2">22</subfield>
  </datafield>
  <datafield tag="100" ind1="1" ind2=" ">
    <subfield code="a">McCormac, Jack C.,</subfield>
    <subfield code="e">author.</subfield>
    <subfield code="9">662</subfield>
  </datafield>
  <datafield tag="245" ind1="1" ind2="0">
    <subfield code="a">Structural analysis :</subfield>
    <subfield code="b">using classical and matrix methods /</subfield>
    <subfield code="c">Jack C. McCormac, Clemson University.</subfield>
  </datafield>
  <datafield tag="250" ind1=" " ind2=" ">
    <subfield code="a">Fourth edition.</subfield>
  </datafield>
  <datafield tag="264" ind1=" " ind2="1">
    <subfield code="a">Hoboken, NJ :</subfield>
    <subfield code="b">John Wiley and Sons, Inc.,</subfield>
    <subfield code="c">[2007]</subfield>
  </datafield>
  <datafield tag="264" ind1=" " ind2="4">
    <subfield code="c">c2007</subfield>
  </datafield>
  <datafield tag="300" ind1=" " ind2=" ">
    <subfield code="a">xxvi, 584 pages :</subfield>
    <subfield code="b">illustrations ;</subfield>
    <subfield code="c">26 cm</subfield>
  </datafield>
  <datafield tag="336" ind1=" " ind2=" ">
    <subfield code="2">rdacontent</subfield>
    <subfield code="a">text</subfield>
    <subfield code="b">txt</subfield>
  </datafield>
  <datafield tag="337" ind1=" " ind2=" ">
    <subfield code="2">rdamedia</subfield>
    <subfield code="a">unmediated</subfield>
    <subfield code="b">n</subfield>
  </datafield>
  <datafield tag="338" ind1=" " ind2=" ">
    <subfield code="2">rdacarrier</subfield>
    <subfield code="a">volume</subfield>
    <subfield code="b">nc</subfield>
  </datafield>
  <datafield tag="500" ind1=" " ind2=" ">
    <subfield code="a">Includes glossary.</subfield>
  </datafield>
  <datafield tag="500" ind1=" " ind2=" ">
    <subfield code="a">Includes appendices.</subfield>
  </datafield>
  <datafield tag="504" ind1=" " ind2=" ">
    <subfield code="a">Includes bibliographical references and index.</subfield>
  </datafield>
  <datafield tag="520" ind1=" " ind2=" ">
    <subfield code="a">Presenting an introduction to elementary structural analysis methods and principles, this book will help readers develop a thorough understanding of both the behavior of structural systems under load and the tools needed to analyze those systems.</subfield>
  </datafield>
  <datafield tag="650" ind1=" " ind2="7">
    <subfield code="a">Structural analysis (Engineering)</subfield>
    <subfield code="2">BUEsh</subfield>
    <subfield code="9">663</subfield>
  </datafield>
  <datafield tag="653" ind1=" " ind2=" ">
    <subfield code="b">ENGGEN</subfield>
    <subfield code="c">March2020</subfield>
  </datafield>
  <datafield tag="655" ind1=" " ind2=" ">
    <subfield code="v">Reading book</subfield>
    <subfield code="9">34232</subfield>
  </datafield>
  <datafield tag="856" ind1="4" ind2="2">
    <subfield code="3">Contributor biographical information</subfield>
    <subfield code="u">http://www.loc.gov/catdir/enhancements/fy0814/2006041613-b.html</subfield>
  </datafield>
  <datafield tag="856" ind1="4" ind2="2">
    <subfield code="3">Publisher description</subfield>
    <subfield code="u">http://www.loc.gov/catdir/enhancements/fy0814/2006041613-d.html</subfield>
  </datafield>
  <datafield tag="856" ind1="4" ind2="1">
    <subfield code="3">Table of contents only</subfield>
    <subfield code="u">http://www.loc.gov/catdir/enhancements/fy0814/2006041613-t.html</subfield>
  </datafield>
  <datafield tag="906" ind1=" " ind2=" ">
    <subfield code="a">7</subfield>
    <subfield code="b">cbc</subfield>
    <subfield code="c">orignew</subfield>
    <subfield code="d">1</subfield>
    <subfield code="e">ocip</subfield>
    <subfield code="f">20</subfield>
    <subfield code="g">y-gencatlg</subfield>
  </datafield>
  <datafield tag="942" ind1=" " ind2=" ">
    <subfield code="2">ddc</subfield>
    <subfield code="c">BB</subfield>
  </datafield>
  <datafield tag="952" ind1=" " ind2=" ">
    <subfield code="0">0</subfield>
    <subfield code="1">0</subfield>
    <subfield code="2">ddc</subfield>
    <subfield code="4">0</subfield>
    <subfield code="7">0</subfield>
    <subfield code="a">MAIN</subfield>
    <subfield code="b">MAIN</subfield>
    <subfield code="c">1ST</subfield>
    <subfield code="d">2008-10-29</subfield>
    <subfield code="e">Purchase</subfield>
    <subfield code="l">7</subfield>
    <subfield code="m">2</subfield>
    <subfield code="o">624.171 MCC</subfield>
    <subfield code="p">000014149</subfield>
    <subfield code="r">2025-07-15 00:00:00</subfield>
    <subfield code="s">2012-01-08</subfield>
    <subfield code="w">2008-10-29</subfield>
    <subfield code="y">BB</subfield>
  </datafield>
  <datafield tag="952" ind1=" " ind2=" ">
    <subfield code="0">0</subfield>
    <subfield code="1">0</subfield>
    <subfield code="2">ddc</subfield>
    <subfield code="4">0</subfield>
    <subfield code="7">0</subfield>
    <subfield code="a">MAIN</subfield>
    <subfield code="b">MAIN</subfield>
    <subfield code="c">1ST</subfield>
    <subfield code="d">2008-10-29</subfield>
    <subfield code="e">Purchase</subfield>
    <subfield code="l">0</subfield>
    <subfield code="o">624.171 MCC</subfield>
    <subfield code="p">000014150</subfield>
    <subfield code="r">2025-07-15 00:00:00</subfield>
    <subfield code="w">2008-10-29</subfield>
    <subfield code="y">NB</subfield>
  </datafield>
  <datafield tag="952" ind1=" " ind2=" ">
    <subfield code="0">0</subfield>
    <subfield code="1">0</subfield>
    <subfield code="2">ddc</subfield>
    <subfield code="4">0</subfield>
    <subfield code="7">0</subfield>
    <subfield code="a">MAIN</subfield>
    <subfield code="b">MAIN</subfield>
    <subfield code="c">1ST</subfield>
    <subfield code="d">2008-10-29</subfield>
    <subfield code="e">Purchase</subfield>
    <subfield code="l">3</subfield>
    <subfield code="m">1</subfield>
    <subfield code="o">624.171 MCC</subfield>
    <subfield code="p">000014151</subfield>
    <subfield code="r">2025-07-15 00:00:00</subfield>
    <subfield code="s">2009-04-06</subfield>
    <subfield code="w">2008-10-29</subfield>
    <subfield code="y">BB</subfield>
  </datafield>
  <datafield tag="952" ind1=" " ind2=" ">
    <subfield code="0">0</subfield>
    <subfield code="1">0</subfield>
    <subfield code="2">ddc</subfield>
    <subfield code="4">0</subfield>
    <subfield code="7">0</subfield>
    <subfield code="8">Baccah</subfield>
    <subfield code="a">MAIN</subfield>
    <subfield code="b">MAIN</subfield>
    <subfield code="c">1ST</subfield>
    <subfield code="d">2009-03-23</subfield>
    <subfield code="e">purchase</subfield>
    <subfield code="l">4</subfield>
    <subfield code="m">21</subfield>
    <subfield code="o">624.171 MCC</subfield>
    <subfield code="p">000015604</subfield>
    <subfield code="r">2025-07-15 00:00:00</subfield>
    <subfield code="s">2014-04-22</subfield>
    <subfield code="w">2009-03-23</subfield>
    <subfield code="y">BB</subfield>
  </datafield>
  <datafield tag="952" ind1=" " ind2=" ">
    <subfield code="0">0</subfield>
    <subfield code="1">0</subfield>
    <subfield code="2">ddc</subfield>
    <subfield code="4">0</subfield>
    <subfield code="7">0</subfield>
    <subfield code="8">Baccah</subfield>
    <subfield code="a">MAIN</subfield>
    <subfield code="b">MAIN</subfield>
    <subfield code="c">1ST</subfield>
    <subfield code="d">2009-03-23</subfield>
    <subfield code="e">purchase</subfield>
    <subfield code="l">2</subfield>
    <subfield code="m">5</subfield>
    <subfield code="o">624.171 MCC</subfield>
    <subfield code="p">000015603</subfield>
    <subfield code="r">2025-07-15 00:00:00</subfield>
    <subfield code="s">2015-01-04</subfield>
    <subfield code="w">2009-03-23</subfield>
    <subfield code="y">BB</subfield>
  </datafield>
  <datafield tag="952" ind1=" " ind2=" ">
    <subfield code="0">0</subfield>
    <subfield code="1">0</subfield>
    <subfield code="2">ddc</subfield>
    <subfield code="4">0</subfield>
    <subfield code="7">0</subfield>
    <subfield code="8">Baccah</subfield>
    <subfield code="a">MAIN</subfield>
    <subfield code="b">MAIN</subfield>
    <subfield code="c">1ST</subfield>
    <subfield code="d">2009-10-18</subfield>
    <subfield code="e">purchase</subfield>
    <subfield code="l">3</subfield>
    <subfield code="m">13</subfield>
    <subfield code="o">624.171 MCC</subfield>
    <subfield code="p">000018407</subfield>
    <subfield code="r">2025-07-15 00:00:00</subfield>
    <subfield code="s">2011-10-25</subfield>
    <subfield code="w">2009-10-18</subfield>
    <subfield code="y">BB</subfield>
  </datafield>
  <datafield tag="952" ind1=" " ind2=" ">
    <subfield code="0">0</subfield>
    <subfield code="1">0</subfield>
    <subfield code="2">ddc</subfield>
    <subfield code="4">0</subfield>
    <subfield code="7">0</subfield>
    <subfield code="8">Baccah</subfield>
    <subfield code="a">MAIN</subfield>
    <subfield code="b">MAIN</subfield>
    <subfield code="c">1ST</subfield>
    <subfield code="d">2009-10-18</subfield>
    <subfield code="e">purchase</subfield>
    <subfield code="l">1</subfield>
    <subfield code="o">624.171 MCC</subfield>
    <subfield code="p">000018412</subfield>
    <subfield code="r">2025-07-15 00:00:00</subfield>
    <subfield code="s">2014-12-14</subfield>
    <subfield code="w">2009-10-18</subfield>
    <subfield code="y">BB</subfield>
  </datafield>
  <datafield tag="952" ind1=" " ind2=" ">
    <subfield code="0">0</subfield>
    <subfield code="1">0</subfield>
    <subfield code="2">ddc</subfield>
    <subfield code="4">0</subfield>
    <subfield code="7">0</subfield>
    <subfield code="8">Baccah</subfield>
    <subfield code="a">MAIN</subfield>
    <subfield code="b">MAIN</subfield>
    <subfield code="c">1ST</subfield>
    <subfield code="d">2010-03-21</subfield>
    <subfield code="e">purchase</subfield>
    <subfield code="l">1</subfield>
    <subfield code="o">624.171 MCC</subfield>
    <subfield code="p">000020297</subfield>
    <subfield code="r">2025-07-15 00:00:00</subfield>
    <subfield code="s">2011-08-15</subfield>
    <subfield code="w">2010-03-21</subfield>
    <subfield code="y">BB</subfield>
  </datafield>
  <datafield tag="952" ind1=" " ind2=" ">
    <subfield code="0">0</subfield>
    <subfield code="1">0</subfield>
    <subfield code="2">ddc</subfield>
    <subfield code="4">0</subfield>
    <subfield code="7">0</subfield>
    <subfield code="8">Baccah</subfield>
    <subfield code="a">MAIN</subfield>
    <subfield code="b">MAIN</subfield>
    <subfield code="c">1ST</subfield>
    <subfield code="d">2020-03-07</subfield>
    <subfield code="e">Purchase</subfield>
    <subfield code="l">0</subfield>
    <subfield code="o">624.171 MCC</subfield>
    <subfield code="p">000048906</subfield>
    <subfield code="r">2025-07-15 00:00:00</subfield>
    <subfield code="w">2020-03-07</subfield>
    <subfield code="y">BB</subfield>
  </datafield>
</record>
